Informačná ekonomika
Na minha lista:
| Autor principal: | |
|---|---|
| Autor Corporativo: | |
| Formato: | Livro |
| Idioma: | eslovaco |
| Publicado em: |
Bratislava
Vydavateľstvo EKONÓM
2002
|
| Assuntos: | |
| Tags: |
Sem tags, seja o primeiro a adicionar uma tag!
|
MARC
| LEADER | 00000nam a2200000 4500 | ||
|---|---|---|---|
| 001 | c137639 | ||
| 005 | 20221124090343.0 | ||
| 020 | |a 80-225-1561-2 | ||
| 041 | 0 | |a slo | |
| 044 | |a SK | ||
| 245 | 1 | 0 | |a Informačná ekonomika |c Michal Grell |
| 264 | 1 | |a Bratislava |b Vydavateľstvo EKONÓM |c 2002 | |
| 300 | |a 163 s. | ||
| 610 | 2 | 0 | |a ekonómia |
| 610 | 2 | 0 | |a informácie |
| 610 | 2 | 0 | |a informatizácia |
| 610 | 2 | 0 | |a veda systémová |
| 610 | 2 | 0 | |a matematizácia |
| 610 | 2 | 0 | |a kybernetizácia |
| 610 | 2 | 0 | |a podnik virtuálny |
| 610 | 2 | 0 | |a správa štátna |
| 610 | 2 | 0 | |a domácnosti |
| 610 | 2 | 0 | |a rozhodovanie |
| 610 | 2 | 0 | |a riadenie |
| 610 | 2 | 0 | |a systémy informačné |
| 610 | 2 | 0 | |a Slovensko |
| 100 | 1 | |a Grell, Michal | |
| 710 | 2 | |a Ekonomická univerzita v Bratislave. Fakulta hospodárskej informatiky | |